01087nam a22001577a 4500999001900000008004100019100003000060245002700090260003200117300002000149520058200169773002000751906004400771942000700815952010700822 c518073d518073210816b ||||| |||| 00| 0 eng d aHalu, Anikumar B. 928503 aJapan-India relations  a35(410), Apr, 2021: p.22-24 aThird Concept  aThe merging strategic relationship between India and Japan is significant for the future security and stability of the Indo-Asia pacific region. It is also a critical emergent relationship for US security objections across the Asia-pacific region. Therefore, India is the most latent economic and military potential of any state in the winder Asia pacific region. Therefore, India is the state with the greatest potential outside of the United States itself to contribute to the objectives of the “Rebalance to the pacific” announced by Washington in 2011. – Reproduced  aThird Concept  aINDIA - INTERNATIONAL RELATIONS - JAPAN cAR 00102ddc40709392132aIIPAbIIPAd2021-08-16h35(410), Apr, 2021: p.22-24pAR125270r2021-08-16yAR